000 00849nam a2200253Ia 4500
003 OSt
005 20220930063656.0
006 a|||||r|||| 00| 0
007 ta
008 220926b |||||||| |||| 00| 0 eng d
024 _a3175
037 _cTheses
040 _aCRL
_cCRL
_beng
041 _2eng
_aeng
100 _aChanchal Singh
_9523355
110 _aUniversity of Delhi. Faculty of Medical Sciences. Department of Orthopaedics
_9519703
245 0 _aTreatment of fractures of patella by various surgical procedures and their effects on the functions of knee
260 _c1987
650 _aORTHOPEDICS
_9519704
700 _a Vaish J P Gu.
_9523356
700 _aUniversity of Delhi. Faculty of Medical Sciences. Department of Orthopaedics
_9519706
942 _cDIS
_2CC
999 _c857178
_d857178